000 00656nam a2200193 ar4500
001 2451
005 20221127090436.0
008 110209s xxka 00010|eng d
020 _a0582895626(instructor's pack) :
_cSR66.00
082 0 4 _a428.2402465
_bR632 2006
100 1 _aRogers, John.
245 1 0 _aMarket leader :
_badvanced business English practice file /
_cJohn Rogers.
250 _a1st ed.
260 _aHarlow, England :
_bPearson/Financial Times,
_c2006.
300 _a95 p. :
_bill. ;
_c30 cm.
_e1 CD.
650 4 _aEnglish language
_xBusiness English.
650 4 _aEnglish language
_xStudy and teaching.
650 4 _aEnglish language
_vTextbooks.
999 _c2449
_d2449